00306nam a2200121Ia 4500008004100000041000800041082001400049100001600063245001700079260005300096300002400149365001100173240624s9999 xx 000 0 und d aeng a332.1 COY aCOYLE BRIAN aBANK FINANCE c2002aUnited KingdombFinancial World Publishing a154 : p. : cm. ; 23 cRSb25